[Event "zt 3.5 China Men 2012"]
[Site "Beijing CHN"]
[Date "2012.09.18"]
[Round "8.16"]
[White "Fang,Yuxiang"]
[Black "Qu Yanqiao"]
[Result "1-0"]
[WhiteElo "2104"]
[BlackElo "2152"]

1.Nf3 d5 2.d4 e6 3.c4 Be7 4.Nc3 Nf6 5.Bf4 O-O 6.e3 c6 7.h3 Nbd7 8.cxd5 exd5
9.Bd3 Re8 10.O-O Nf8 11.Qc2 Ng6 12.Bh2 Bd6 13.Bxd6 Qxd6 14.Rab1 Bd7 15.b4 Rac8
16.Rfc1 Qe7 17.Qe2 Ne4 18.Bxe4 dxe4 19.Nd2 f5 20.b5 Be6 21.bxc6 bxc6 22.Qh5 Qf7
23.Nb3 Bxb3 24.Rxb3 c5 25.Nb5 cxd4 26.Rxc8 Rxc8 27.Nxd4 Rf8 28.g3 a5 29.a3 Qc4
30.Rb5 Qc1+ 31.Kg2 Qxa3 32.Rxf5 a4 33.Rxf8+ Qxf8 34.Qd5+ Kh8 35.Qxe4 a3 36.Qd5 h6
37.Nc2 Qe7 38.Qa8+ Kh7 39.Nxa3 Ne5 40.Qe4+  1-0

[Event "1st FIDE GP London 2012"]
[Site "London ENG"]
[Date "2012.09.22"]
[Round "2"]
[White "Gelfand,B"]
[Black "Topalov,V"]
[Result "1/2-1/2"]
[WhiteElo "2738"]
[BlackElo "2752"]

1.d4 Nf6 2.c4 e6 3.Nf3 d5 4.Nc3 Be7 5.Bf4 O-O 6.e3 Nbd7 7.Be2 dxc4 8.O-O c5
9.dxc5 Nxc5 10.Bxc4 Qxd1 11.Rfxd1 b6 12.Nd4 Bb7 13.Rac1 a6 14.b4 Nce4 15.Nxe4 Bxe4
16.a3 Rfc8 17.f3 Bd5 18.Be2 Bb7 19.e4 h6 20.Be3 a5 21.Rxc8+ Rxc8 22.bxa5 bxa5
23.Rb1 Ba8 24.a4 Bb4 25.Kf1 e5 26.Nb3 Nd7 27.Rd1 Bc6 28.Rc1 Kf8 29.Ba6 Rc7
30.Bb7 Bb5+ 31.axb5 Rxb7 32.Nc5 Nxc5 33.Bxc5+ Ke8 34.b6 Bxc5 35.Rxc5 f6 36.Rxa5 Rxb6  1/2-1/2

[Event "TCh-SUI National A 2012"]
[Site "Switzerland SUI"]
[Date "2012.09.22"]
[Round "6.2"]
[White "Moor,O"]
[Black "Bindrich,F"]
[Result "0-1"]
[WhiteElo "2378"]
[BlackElo "2542"]

1.d4 Nf6 2.c4 e6 3.Nf3 d5 4.Nc3 Be7 5.Bf4 O-O 6.e3 a6 7.c5 Nh5 8.Bd3 Nxf4
9.exf4 Nc6 10.a3 Bf6 11.Bc2 a5 12.Qd3 g6 13.h4 b6 14.cxb6 Ba6 15.Qe3 cxb6
16.h5 Re8 17.Ne5 Nxe5 18.fxe5 Bg7 19.hxg6 hxg6 20.Bd3 Bxd3 21.Qxd3 Qg5 22.O-O Rec8
23.Rac1 Rc4 24.b3 Rc6 25.Ne2 Rac8 26.Rxc6 Rxc6 27.a4 Bh6 28.f4 Qe7 29.Qd2 Qa3
30.Rc1 Rxc1+ 31.Nxc1 Qa1 32.Kf2 Bf8 33.Ne2 Qb1 34.Qe3 Bb4 35.g3 Qc2 36.Kf1 Bd2
37.Qf3 Qb1+ 38.Kg2 Kf8 39.g4 Ke7 40.f5 gxf5 41.gxf5 Qxf5 42.Qxf5 exf5 43.Kf3 f6
44.exf6+ Kxf6 45.Nf4 Bxf4 46.Kxf4 Kg6 47.Ke5 Kg5 48.Kxd5 f4  0-1

[Event "Vladivostok Russian Cup 2012"]
[Site "Vladivostok RUS"]
[Date "2012.09.22"]
[Round "6.21"]
[White "Vilchenko,M"]
[Black "Pavlovskiy,M"]
[Result "0-1"]
[WhiteElo "2248"]
[BlackElo "2252"]

1.d4 d5 2.c4 e6 3.Nc3 Nf6 4.Nf3 Be7 5.Bf4 c6 6.e3 Nbd7 7.h3 b6 8.Bd3 dxc4
9.Bxc4 Bb7 10.O-O O-O 11.Qe2 Nd5 12.Bh2 N7f6 13.e4 Nxc3 14.bxc3 c5 15.Bd3 Qc8
16.Bf4 Rd8 17.Bg5 Qc7 18.Qe3 Rac8 19.Rad1 Ne8 20.Bf4 Bd6 21.e5 Be7 22.Ng5 g6
23.Ne4 Qc6 24.Bb1 Qa4 25.Bg5 cxd4 26.cxd4 Bxg5 27.Nxg5 Rc4 28.Qf4 Rd7 29.Qh4 h5
30.Qg3 Rcxd4 31.Rxd4 Qxd4 32.Nxe6 fxe6 33.Qxg6+ Ng7 34.Qh7+ Kf8 35.Qh8+ Kf7
36.Re1 Qb4 37.Rc1 Qd2 38.Rc4 Qe1+ 39.Kh2 Qxe5+ 40.g3 Rd1 41.Rf4+ Qxf4 42.gxf4 h4
43.Bg6+ Kxg6 44.f5+ exf5 45.Qxh4 Rh1+  0-1

[Event "TCh-SUI National A 2012"]
[Site "Switzerland SUI"]
[Date "2012.09.23"]
[Round "7.3"]
[White "Volke,K"]
[Black "Ekstroem,R"]
[Result "1-0"]
[WhiteElo "2455"]
[BlackElo "2481"]

1.d4 d5 2.c4 e6 3.Nf3 Nf6 4.Nc3 Be7 5.Bf4 O-O 6.e3 Nbd7 7.c5 c6 8.h3 b6 9.b4 a5
10.a3 Bb7 11.Bd3 Qc8 12.O-O Ba6 13.Qc2 Bxd3 14.Qxd3 Qb7 15.Nd2 axb4 16.axb4 Rxa1
17.Rxa1 Ra8 18.Qb1 h6 19.Rxa8+ Qxa8 20.Qa2 Qb7 21.Qa3 Bd8 22.Nb3 Ne8 23.Qa4 b5
24.Qa2 Kh7 25.Ne2 g6 26.Nec1 Bc7 27.Nd3 Bxf4 28.exf4 Kg7 29.Ne5 Qc8 30.Nxd7 Qxd7
31.Qa8 Nf6 32.Na5 e5 33.fxe5 Ne4 34.Nxc6 Nxf2 35.Kxf2 Qf5+ 36.Kg1 Qb1+ 37.Kh2 Qc1
38.Qa2  1-0

[Event "Baku Open 2012"]
[Site "Baku AZE"]
[Date "2012.09.24"]
[Round "3.17"]
[White "Kazimova,N"]
[Black "Batsiashvili,N"]
[Result "0-1"]
[WhiteElo "2209"]
[BlackElo "2434"]

1.Nf3 d5 2.d4 Nf6 3.c4 e6 4.Nc3 Be7 5.Bf4 O-O 6.e3 Nbd7 7.c5 Ne4 8.Qc2 f5
9.h3 c6 10.Be2 Bf6 11.g4 b6 12.cxb6 axb6 13.Rg1 Ba6 14.Bxa6 Rxa6 15.gxf5 exf5
16.Nxe4 fxe4 17.Ng5 Bxg5 18.Bxg5 Qa8 19.a3 Rf7 20.Qe2 Ra4 21.Bh6 Nf6 22.O-O-O b5
23.Bg5 Ne8 24.Kd2 Qa5+ 25.Kc2 b4 26.Bf4 bxa3 27.b4 Rxb4 28.Qg4 Rb2+  0-1

[Event "Baku Open 2012"]
[Site "Baku AZE"]
[Date "2012.09.26"]
[Round "5.25"]
[White "Hejazipour,M"]
[Black "Gavasheli,A"]
[Result "1-0"]
[WhiteElo "2237"]
[BlackElo "2150"]

1.d4 d5 2.c4 e6 3.Nc3 Be7 4.Nf3 Nf6 5.Bf4 O-O 6.e3 Nbd7 7.Be2 c5 8.cxd5 exd5
9.O-O b6 10.dxc5 Nxc5 11.Nd4 Bd7 12.Bf3 Be6 13.Nc6 Qd7 14.Nxd5 Nxd5 15.Bxd5 Bf6
16.Bxe6 Qxe6 17.Nd4 Qd5 18.Qg4 Bxd4 19.exd4 Qxd4 20.Qg3 Rfe8 21.b3 Re6 22.Rad1 Qe4
23.f3 Qf5 24.Qh4 Nd3 25.Bg3 Rae8 26.Qd4 Re3 27.Bf2 Rxf3 28.gxf3 Nf4 29.Rfe1 Nh3+
30.Kg2  1-0

[Event "21st TCh-CRO w 2012"]
[Site "Sibenik CRO"]
[Date "2012.09.28"]
[Round "7.34"]
[White "Ivekovic,T"]
[Black "Mahmutbegovic,N"]
[Result "1-0"]
[WhiteElo "2020"]
[BlackElo "1687"]

1.d4 d5 2.c4 e6 3.Nc3 Nf6 4.Nf3 Be7 5.Bf4 O-O 6.e3 b6 7.cxd5 exd5 8.Bd3 Bb7
9.O-O Nbd7 10.h3 c5 11.Rc1 Rc8 12.Bb1 Re8 13.Ne5 Nf8 14.Qb3 cxd4 15.exd4 Ne6
16.Be3 Bd6 17.f4 Nh5 18.Qc2 g6 19.Qf2 Ba6 20.Rfd1 Bxe5 21.fxe5 Rf8 22.Qf3 Nc7
23.Bh6 Ng7 24.Qf6 Nce8 25.Qf3 Nc7 26.Qg3 Nce6 27.Qe3 Qh4 28.Kh2 Rfd8 29.g3 Qe7
30.Qf3 Qd7 31.Rd2 Ne8 32.Rcd1 N8c7 33.Rf2 Ng7 34.h4 Nce6 35.g4 Rc7 36.h5 Bc8
37.Kg3 Nf8 38.Bxg7 Kxg7 39.hxg6 fxg6 40.Rh1 Kg8 41.a3 Ne6 42.Ba2 Bb7 43.Qe3 Rf8
44.Rxf8+ Nxf8 45.Rf1 Ne6 46.Qf3 Nxd4 47.Qf8+  1-0

[Event "TCh-FIN SM 2012-13"]
[Site "Espoo FIN"]
[Date "2012.09.29"]
[Round "2.1"]
[White "Solozhenkin,E"]
[Black "Ebeling,M"]
[Result "1/2-1/2"]
[WhiteElo "2475"]
[BlackElo "2273"]

1.d4 Nf6 2.c4 e6 3.Nf3 d5 4.Nc3 Be7 5.Bf4 O-O 6.e3 Nc6 7.h3 Bd6 8.Bg5 dxc4
9.Bxc4 h6 10.Bxf6 Qxf6 11.Bb5 Bd7 12.O-O Rfd8 13.Rc1 a6 14.Ba4 Rac8 15.Ne4 Qe7
16.Nc5 Bxc5 17.Rxc5 Nb8 18.Bc2 Bb5 19.Re1 Nd7 20.Rc3 c5 21.a4 Bc6 22.Qd3 g6
23.e4 cxd4 24.Qxd4 e5 25.Qe3 Kg7 26.Bb3 Nf6 27.Rec1 Rd6 28.Rc5 Nd7 29.R5c3 Nf6
30.Rc5 Nd7 31.R5c3  1/2-1/2

[Event "TCh-Moscow 2012"]
[Site "Moscow RUS"]
[Date "2012.09.30"]
[Round "4.4"]
[White "Demidov,M"]
[Black "Kostin,K"]
[Result "1-0"]
[WhiteElo "2443"]
[BlackElo "2313"]

1.Nf3 d5 2.c4 e6 3.d4 Nf6 4.Nc3 Be7 5.Bf4 O-O 6.e3 c5 7.dxc5 Bxc5 8.cxd5 Nxd5
9.Nxd5 exd5 10.a3 Nc6 11.Bd3 h6 12.h3 d4 13.e4 Be6 14.b4 Bb6 15.Qd2 Qe7 16.O-O Rfd8
17.Rfe1 Rac8 18.Rac1 a6 19.Bg3 Qd7 20.Kh2 Qe8 21.Nh4 Na7 22.f4 Rxc1 23.Rxc1 Rc8
24.f5 Rxc1 25.Qxc1 Qc8 26.Qf1 Bb3 27.f6 g6 28.e5 Nc6 29.Qf4 Kh7 30.Qe4 Qe8
31.Nf3 Bd1 32.h4 Bxf3 33.gxf3 h5 34.f4 Bc7 35.Qd5 Kh8 36.Kg1 Kh7 37.Bc4 Kg8
38.Bh2 Bb8 39.Kh1 Kf8 40.Bb3 Kg8 41.Kg2 Kf8 42.Kf1 Bc7 43.Ke2 Bb8 44.Kd1 Kg8
45.f5 Nxe5 46.fxg6 Qd7 47.Qxd7 Nxd7 48.Bxb8  1-0

[Event "13th Karpov GM"]
[Site "Poikovsky RUS"]
[Date "2012.10.01"]
[Round "4"]
[White "Jakovenko,D"]
[Black "Onischuk,Al"]
[Result "1-0"]
[WhiteElo "2724"]
[BlackElo "2672"]

1.d4 d5 2.c4 e6 3.Nc3 Be7 4.Nf3 Nf6 5.Bf4 O-O 6.e3 c5 7.dxc5 Bxc5 8.Qc2 Nc6
9.a3 Qa5 10.Rd1 Be7 11.Be2 dxc4 12.Bxc4 Nh5 13.O-O Nxf4 14.exf4 g6 15.g3 a6
16.Ne4 b5 17.Be2 Qb6 18.Qc3 f6 19.b4 a5 20.Rc1 Ra6 21.Nc5 axb4 22.axb4 Ra7
23.Qb3 Kf7 24.Rfe1 Rc7 25.Bf1 Nd8 26.Nd2 Bxc5 27.bxc5 Rxc5 28.Qe3 Nb7 29.Ne4 Rc6
30.Rxc6 Qxc6 31.Rc1 Qd7 32.Nxf6  1-0

[Event "TCh-Central SRB 2012"]
[Site "Vrnjacka Banja SRB"]
[Date "2012.10.01"]
[Round "4.4"]
[White "Milanovic,Sla"]
[Black "Rusev,K"]
[Result "1/2-1/2"]
[WhiteElo "2426"]
[BlackElo "2544"]

1.c4 e6 2.Nc3 d5 3.d4 Nf6 4.Nf3 Be7 5.Bf4 O-O 6.e3 b6 7.cxd5 Nxd5 8.Nxd5 Qxd5
9.a3 c5 10.dxc5 Qxc5 11.Rc1 Qa5+ 12.Qd2 Qxd2+ 13.Nxd2 Bf6  1/2-1/2

[Event "1st FIDE GP London 2012"]
[Site "London ENG"]
[Date "2012.10.03"]
[Round "11"]
[White "Giri,A"]
[Black "Topalov,V"]
[Result "0-1"]
[WhiteElo "2730"]
[BlackElo "2752"]

1.d4 Nf6 2.c4 e6 3.Nf3 d5 4.Nc3 Be7 5.Bf4 O-O 6.e3 Nbd7 7.Be2 dxc4 8.O-O c5
9.dxc5 Nxc5 10.Bxc4 Qxd1 11.Rfxd1 b6 12.Nd4 Bb7 13.Rac1 a6 14.b4 Nce4 15.Nxe4 Bxe4
16.a3 a5 17.f3 Bd5 18.e4 Bxc4 19.Rxc4 axb4 20.axb4 Rfc8 21.Rdc1 Rxc4 22.Rxc4 h6
23.Kf1 Kf8 24.Nc6 b5 25.Rd4 Ra6 26.Nxe7 Kxe7 27.Rd2 Nd7 28.Rc2 g5 29.Bc7 f6
30.Ba5 h5 31.h4 gxh4 32.Rc8 Ne5 33.Rc7+ Kd6 34.Rb7 h3 35.gxh3 Nxf3 36.Rxb5 Nd2+
37.Kg2 Ra8 38.Rxh5 Rg8+ 39.Kf2 Nxe4+ 40.Ke3 f5 41.Rh7 e5 42.Bc7+ Ke6 43.Kd3 Rg3+
44.Kc4 Rc3+ 45.Kb5 f4 46.Rh6+ Kd5 47.Bb6 f3 48.Rh8 Ra3 49.Bg1 f2 50.Bxf2 Nxf2
51.Rd8+ Ke4 52.Kc6 Rc3+  0-1

[Event "4th Sant Marti IM"]
[Site "Barcelona ESP"]
[Date "2012.10.06"]
[Round "2.3"]
[White "Rojas Keim,L"]
[Black "Ryan,Jo"]
[Result "1/2-1/2"]
[WhiteElo "2390"]
[BlackElo "2262"]

1.d4 d5 2.c4 e6 3.Nf3 Nf6 4.Nc3 Be7 5.Bf4 O-O 6.e3 Nbd7 7.Rc1 c5 8.cxd5 Nxd5
9.Nxd5 exd5 10.dxc5 Nxc5 11.a3 Bg4 12.Be2 Ne6 13.Be5 Bf6 14.Bxf6 Qxf6 15.Qd2 Rad8
16.Nd4 Nxd4 17.Qxd4 Qxd4 18.exd4 Bxe2 19.Kxe2 Rfe8+ 20.Kd3 Re7 21.Rc5 f6
22.Rhc1 Kf7 23.Rc8 Rxc8 24.Rxc8 Rd7 25.b4 a6 26.a4 Ke6 27.b5 axb5 28.axb5 Kd6
29.b6 Ke7 30.Rg8 Ke6 31.Rc8 Ke7 32.Kc3 Rd6 33.Rc7+ Rd7 34.Rc5 Rd6 35.f4 f5
36.g3 Rd8 37.Rc7+ Rd7 38.Rc8 Rd6 39.Rc7+ Rd7 40.Rc5 Rd6 41.Rc7+  1/2-1/2

[Event "TATA 50th ch-IND National Premier"]
[Site "Kolkata IND"]
[Date "2012.10.07"]
[Round "7.3"]
[White "Swapnil,SD"]
[Black "Grover,S"]
[Result "1/2-1/2"]
[WhiteElo "2459"]
[BlackElo "2516"]

1.d4 Nf6 2.c4 e6 3.Nf3 d5 4.Nc3 Be7 5.Bf4 O-O 6.e3 c5 7.dxc5 Bxc5 8.Qc2 Nc6
9.a3 Bd7 10.cxd5 exd5 11.Rd1 Rc8 12.Be2 Be6 13.O-O Bd6 14.Bxd6 Qxd6 15.Qa4 a6
16.Rd2 Qc7 17.h3 h6 18.Rfd1 Na5 19.Nd4 Rfe8 20.Rc2 Qb6 21.Qb4 Nc4 22.Na4 Qxb4
23.axb4 Nd6 24.Nb6 Rxc2 25.Nxc2 Re7 26.Nd4 Rc7 27.Na8 Rc8 28.Nb6 Rc7 29.Bd3 Kf8
30.Na8 Rc8 31.Nb6 Rc7 32.f3 Ke7 33.Kf2 Nd7 34.Nxd7 Bxd7 35.Ke2 Rc8 36.b3 h5
37.h4 g6 38.Ra1 Nb5 39.Bxb5 Bxb5+ 40.Kd2 Bd7 41.Rc1 Rxc1 42.Kxc1 Kd6 43.Kd2 b6
44.Kc3 Ke5 45.Kd2  1/2-1/2

[Event "3rd Copa Latino-Americana"]
[Site "Cali COL"]
[Date "2012.10.09"]
[Round "9.14"]
[White "Castro,O"]
[Black "Avila,P"]
[Result "0-1"]
[WhiteElo "2359"]
[BlackElo "2145"]

1.Nf3 Nf6 2.c4 e6 3.Nc3 d5 4.d4 Be7 5.Bf4 c6 6.e3 Nbd7 7.cxd5 exd5 8.Bd3 Nf8
9.h3 Ng6 10.Bh2 O-O 11.Qc2 Re8 12.Ne5 c5 13.O-O c4 14.Be2 Nh4 15.g4 Bb4 16.Bg3 Ng6
17.Bf3 Be6 18.Bg2 Bxc3 19.bxc3 Nd7 20.f4 Ngxe5 21.dxe5 Nc5 22.f5 Bc8 23.Rad1 Nd3
24.Rxd3 cxd3 25.Qxd3 Bd7 26.Bxd5 Bc6 27.c4 Qa5 28.e6 fxe6 29.fxe6 Bxd5 30.cxd5 Qxa2
31.e4 a5 32.Bd6 a4 33.Qf3 Qb2 34.Qf7+ Kh8 35.e7 Qb6+  0-1

[Event "2nd Indonesia Open"]
[Site "Jakarta INA"]
[Date "2012.10.11"]
[Round "1.17"]
[White "Gordon,S"]
[Black "Kaisar,J"]
[Result "1/2-1/2"]
[WhiteElo "2556"]
[BlackElo "2285"]

1.d4 Nf6 2.c4 e6 3.Nf3 d5 4.Nc3 Be7 5.Bf4 O-O 6.a3 b6 7.e3 Bb7 8.Qc2 c6 9.Bd3 Nbd7
10.O-O dxc4 11.Bxc4 c5 12.dxc5 Nxc5 13.Rfd1 Qc8 14.Nb5 a6 15.Nd6 Bxd6 16.Bxd6 Rd8
17.Rac1 Nce4 18.Bb4 b5 19.Be2 Qxc2 20.Rxd8+ Rxd8 21.Rxc2 Nd5 22.Ba5 Rc8 23.Rxc8+ Bxc8
24.Ne5 Nc5 25.Nd3 Nxd3 26.Bxd3 Bb7 27.Kf1 g6 28.e4 Nf4 29.Bb1 e5 30.Bc3 f6
31.Ba2+ Kf8 32.g3 Nh3 33.f3 Ng5 34.Kf2 Nf7 35.Bb4+ Kg7 36.Be7 Bc8 37.f4 exf4
38.gxf4 g5 39.fxg5 Nxg5 40.Ke3 Be6 41.Bd5 Bxd5 42.exd5 Nf7 43.Ke4 Kg6 44.d6 Ne5
45.Kd5 Kf7 46.Bd8 Nd7 47.Ba5 Ne5 48.Bc3 Nd7 49.Bd4 Nb8 50.Be3 Nd7 51.Bf4 Nf8
52.Bg3 h5 53.h3 Nd7 54.Kc6 Ke6 55.b4 f5 56.Kb7 Kd5 57.Kxa6 Kc6 58.Ka5 Nb6
59.Ka6 Nd7 60.Bf4 Nb6 61.Bh2 Nd5 62.Bg3 Nf6 63.Be5 Nd7 64.Bh2 Nb6 65.Bg1 Nd7
66.Bh2 Nb6 67.Bf4 Nd7 68.Bg3 Nf6 69.Be5 Nd7 70.Bf4 Nb6 71.Bh2 Nd7 72.Bg3 Nb6
73.Bf4 Nd7 74.Bh2 Nb6 75.Bg3 Nd7 76.Bf4 Nb6 77.h4 Nd5 78.Be5 f4 79.d7 Nc7+
80.Ka5 Kxd7 81.Bxf4 Nd5 82.Bg3 Kc6 83.a4 Nc3 84.axb5+ Nxb5 85.Ka4 Nd4 86.Bf2 Nb5
87.Kb3 Kd5 88.Bc5 Nc7 89.Kc3 Ne6 90.Bf2 Nc7 91.Kd3 Nb5 92.Ke3 Ke5 93.Bg3+ Ke6
94.Ke4 Na7 95.Kd4 Nc6+  1/2-1/2

[Event "2nd Indonesia Open"]
[Site "Jakarta INA"]
[Date "2012.10.13"]
[Round "4.7"]
[White "Nguyen Ngoc Truong Son"]
[Black "Wang Chen"]
[Result "1-0"]
[WhiteElo "2635"]
[BlackElo "2469"]

1.d4 d5 2.c4 e6 3.Nf3 Nf6 4.Nc3 Be7 5.Bf4 O-O 6.e3 Nbd7 7.c5 Nh5 8.Bd3 Nxf4
9.exf4 b6 10.b4 a5 11.a3 c6 12.O-O axb4 13.axb4 Rxa1 14.Qxa1 Qc7 15.g3 Bb7
16.Qb1 g6 17.h4 Ra8 18.Re1 bxc5 19.bxc5 Ba6 20.Kg2 Rb8 21.Qc2 Qa5 22.Bxa6 Qxa6
23.Rb1 Rxb1 24.Qxb1 Kg7 25.Nd1 h5 26.Ne3 Bf6 27.Qb3 Kg8 28.Nc2 Kg7 29.Nb4 Qb5
30.Qa3 Bd8 31.Qa7 Nb8 32.Ne5 Bc7 33.Nbxc6 Qe2 34.Qb7 Qe4+ 35.Nf3 Nxc6 36.Qxc6 Bxf4
37.gxf4 Qf5 38.Ne5 Qe4+ 39.Kg3 Qb1 40.Nf3 Qf5 41.Nh2 Qd3+ 42.Kg2 Qe4+ 43.Kg1 Qxf4
44.Qd6 Qxd6 45.cxd6 Kf8 46.f4 Ke8 47.Nf3 f6 48.Ne5  1-0

[Event "2nd Indonesia Open"]
[Site "Jakarta INA"]
[Date "2012.10.13"]
[Round "5.40"]
[White "Hidayat,A"]
[Black "Kaisar,J"]
[Result "0-1"]
[WhiteElo "2141"]
[BlackElo "2285"]

1.d4 Nf6 2.Nf3 e6 3.c4 d5 4.Nc3 Be7 5.Bf4 O-O 6.e3 b6 7.Rc1 c6 8.b3 Ne4 9.Nxe4 dxe4
10.Nd2 f5 11.f3 exf3 12.Nxf3 Bb4+ 13.Kf2 Nd7 14.c5 Nf6 15.Ne5 Ba3 16.Nxc6 Qe8
17.Ne5 Bxc1 18.Qxc1 bxc5 19.dxc5 g5 20.Bg3 f4 21.exf4 gxf4 22.Bxf4 Nd5 23.g3 Qh5
24.Kg1 Nxf4 25.gxf4 a5 26.c6 Ra7 27.c7 Qh6 28.Nd3 Rf7 29.Kf2 Rg7 30.Qc5 Raxc7
31.Qxa5 Bb7 32.Qb5 Rc8  0-1

[Event "TATA 50th ch-IND National Premier 2012"]
[Site "Kolkata IND"]
[Date "2012.10.13"]
[Round "12.8"]
[White "Grover,S"]
[Black "Karthikeyan,M2"]
[Result "1/2-1/2"]
[WhiteElo "2516"]
[BlackElo "2299"]

1.d4 Nf6 2.c4 e6 3.Nc3 d5 4.Nf3 Be7 5.Bf4 O-O 6.e3 c5 7.dxc5 Bxc5 8.Qc2 dxc4
9.Bxc4 a6 10.O-O Nbd7 11.Rfd1 h6 12.a4 Qe7 13.a5 b5 14.axb6 Nxb6 15.Na4 Nxa4
16.Rxa4 a5 17.Ne5 Bb7 18.Ba2 Rfc8 19.Qe2 Bb4 20.Bc4 Rd8 21.Raa1 Rxd1+ 22.Rxd1 Rd8
23.Bd3 Nd7 24.Qg4 Nxe5 25.Bxe5 f5 26.Qg6 Be4 27.Be2 Rxd1+ 28.Bxd1 Qf7 29.Qg3 Bf8
30.h4 Qd7 31.Bd4 Bd6 32.f4 Bc5 33.Ba4 Qa7 34.Bb3 Bxd4 35.Bxe6+ Kf8 36.exd4 Qxd4+
37.Qf2 Qxf2+ 38.Kxf2 Ke7 39.Bg8 Bc6 40.g3 Kd6 41.Ke3 Bd7 42.Kd4 Bc6 43.Bb3 Bd7
44.Bc2 Be6 45.Ba4 Bf7 46.Bb5 Be6 47.Be8 Bb3 48.Bh5 Bd5 49.Bg6 Be6 50.Bh7 Bd7
51.Kc4 Kc6 52.Bg8 Bc8 53.Bd5+ Kd6 54.Ba8 Ba6+ 55.Kd4 Bc8 56.Bd5 Bd7 57.Bc4 Bc8
58.Be2 Be6 59.Ba6 Bd7 60.Kc4 Be6+ 61.Kb5 Kd5 62.Kxa5 Ke4 63.b4 Kf3 64.b5 Kxg3
65.b6 Bd5 66.Kb5 Kxf4 67.Kc5 Ke5 68.Bb5 Bb7 69.Bc6 Ba6 70.h5 Ke6 71.Ba4 Bb7
72.Bb5 f4 73.Bc6 Ba6 74.Bf3 Kd7 75.Bg4+ Kd8 76.Kc6 f3 77.Bxf3 Kc8 78.Kd5 Bb7+
79.Ke6 Bxf3 80.Kf7  1/2-1/2

[Event "7th Americas Continental 2012"]
[Site "Mar del Plata ARG"]
[Date "2012.10.13"]
[Round "2.45"]
[White "Slipak,S"]
[Black "Jorquera Alfaro,Mauricio"]
[Result "1-0"]
[WhiteElo "2447"]
[BlackElo "2036"]

1.d4 Nf6 2.Nf3 e6 3.c4 Be7 4.Nc3 d5 5.Bf4 c6 6.e3 Nbd7 7.h3 O-O 8.Qc2 Re8
9.Rd1 Qa5 10.a3 h6 11.Bd3 dxc4 12.Bxc4 b5 13.Bd3 Bb7 14.O-O a6 15.b4 Qb6
16.e4 a5 17.Qb2 axb4 18.axb4 Qa7 19.e5 Nd5 20.Nxd5 exd5 21.Ra1 Qb6 22.Qd2 Nf8
23.Nh2 Rxa1 24.Rxa1 Ne6 25.Be3 Bg5 26.Bc2 Bxe3 27.fxe3 Ng5 28.h4 Ne4 29.Bxe4 dxe4
30.Qc2 Qd8 31.Qxe4 Qe7 32.Ra7 Ra8 33.Rxa8+ Bxa8 34.Qb1 Qxh4 35.Qa2 Qd8 36.Qa7 Qe8
37.Nf3 Kh7 38.Nd2 c5 39.bxc5 b4 40.e4 b3 41.Qa3 Qb5 42.Qxb3 Qe2 43.Nf3 Bxe4
44.Qxf7 Qd1+ 45.Kh2 Bxf3 46.gxf3 Qe2+ 47.Kg3 Qe1+ 48.Kg4 Qg1+ 49.Kf5 Qxd4
50.Qg6+ Kg8 51.Qd6 Qh4 52.c6 Qh3+ 53.Ke4 Qh4+ 54.Kd5 Qf4 55.Qd8+ Kh7 56.c7 Qxf3+
57.Kd6 Qa3+ 58.Ke6 Qh3+ 59.Ke7 Qh4+ 60.Kd7 Qd4+ 61.Kc8 Qxe5 62.Qd3+ Kg8 63.Kd7 Kf7
64.Qc4+ Kf6 65.Qc6+ Kf7 66.Qf3+ Kg6 67.c8=Q Qb5+ 68.Ke6 Qb6+ 69.Kd5 Qb5+
70.Qc5  1-0

[Event "6th SPICE Cup GM"]
[Site "St Louis USA"]
[Date "2012.10.13"]
[Round "1"]
[White "Ding Liren"]
[Black "So,W"]
[Result "1/2-1/2"]
[WhiteElo "2702"]
[BlackElo "2677"]

1.d4 d5 2.c4 e6 3.Nc3 Be7 4.Nf3 Nf6 5.Bf4 O-O 6.e3 Nbd7 7.c5 Ne4 8.Rc1 c6
9.Nxe4 dxe4 10.Ne5 Nxe5 11.Bxe5 b6 12.Qa4 bxc5 13.dxc5 Qd5 14.Bd4 Bd7 15.Be2 Qf5
16.O-O e5 17.Bc3 Bxc5 18.Qa5 Bb6 19.Qxe5 Qxe5 20.Bxe5 Rfe8 21.Rfd1 Be6 22.Rxc6 Bxa2
23.Bc3 Bb3 24.Ra1 f5 25.h4 Rac8 26.Rxc8 Rxc8 27.g4 g6 28.Kg2 Be6 29.h5 g5
30.Rd1 Rd8 31.Rxd8+ Bxd8 32.gxf5 Bxf5 33.Bc4+ Kf8 34.h6 Ke7 35.Bg8 Bc7 36.b4 Kf8
37.Bd5 Ke7 38.Kf1 Kd6 39.Bf7 Kc6 40.Be8+ Kd5 41.Bf6 g4 42.Bd4 a6 43.Bf7+ Kc6
44.Be8+ Kd5 45.Bf7+ Kc6 46.Be8+ Kd5  1/2-1/2

[Event "7th Americas Continental 2012"]
[Site "Mar del Plata ARG"]
[Date "2012.10.14"]
[Round "3.3"]
[White "Iturrizaga,E"]
[Black "Molina,Rob"]
[Result "1-0"]
[WhiteElo "2639"]
[BlackElo "2400"]

1.c4 e6 2.Nc3 d5 3.d4 Be7 4.Nf3 Nf6 5.Bf4 O-O 6.e3 Nbd7 7.Qc2 c5 8.Rd1 Qa5
9.Nd2 cxd4 10.exd4 dxc4 11.Nxc4 Qd8 12.Bd3 Nb6 13.Nxb6 Qxb6 14.O-O Bd7 15.d5 Kh8
16.Qe2 Rae8 17.Bb1 exd5 18.Nxd5 Bb5 19.Qc2 Qc6 20.Qxc6 bxc6 21.Nxe7 Bxf1
22.Rxf1 Rxe7 23.Bd6 Rfe8 24.Bxe7 Rxe7 25.Bd3 Rd7 26.Bc4 Rd2 27.Bxf7 Rxb2
28.Rc1 g6 29.h3 Ne4 30.Rxc6 Nxf2 31.Rc8+ Kg7 32.Rc7 a5 33.Bb3+ Kh6 34.Bc2 Nxh3+
35.gxh3 Rxa2 36.Bb3 Rb2 37.Bg8 a4 38.Rxh7+ Kg5 39.Ra7 Kh4 40.Be6 Kg3 41.Kf1 Rf2+
42.Ke1 Rf4 43.Kd2 Re4 44.Bg4 g5 45.Ra5 Kh4 46.Kd3 Rb4 47.Ke3 Rb3+ 48.Ke4 a3
49.Kf5 Rc3 50.Ra8 Rc5+ 51.Kf6 Rb5 52.Be6  1-0

[Event "7th Americas Continental 2012"]
[Site "Mar del Plata ARG"]
[Date "2012.10.14"]
[Round "3.19"]
[White "Shabalov,A"]
[Black "Umetsubo,C"]
[Result "1-0"]
[WhiteElo "2570"]
[BlackElo "2276"]

1.c4 e6 2.Nf3 d5 3.d4 Nf6 4.Nc3 Be7 5.Bf4 O-O 6.a3 b6 7.cxd5 Nxd5 8.Nxd5 exd5
9.g3 c5 10.Bg2 Nc6 11.O-O Re8 12.dxc5 Bf6 13.Qc2 Ba6 14.Rfe1 bxc5 15.Qxc5 Qb6
16.Rac1 Na5 17.Qxd5 Rad8 18.Qh5 g6 19.Qh6 Bg7 20.Qh4 Rd7 21.b4 Nc4 22.Bh6 Nxa3
23.Ng5 Rd4 24.Qh3 Bf6 25.Bc6 Rxe2 26.Nxh7 Qxc6 27.Rxe2 Qxc1+ 28.Bxc1 Rd1+
29.Kg2  1-0

[Event "TCh-ROU League A 2012"]
[Site "Olanesti ROU"]
[Date "2012.10.14"]
[Round "9.1"]
[White "Shishkin,Va UKR"]
[Black "Georgescu,T"]
[Result "0-1"]
[WhiteElo "2496"]
[BlackElo "2391"]

1.d4 d5 2.c4 e6 3.Nc3 Be7 4.Nf3 Nf6 5.Bf4 O-O 6.e3 b6 7.Qc2 Bb7 8.Rd1 a6
9.Be2 Nbd7 10.cxd5 exd5 11.Ne5 Bd6 12.Bf3 Re8 13.Nd3 Nf8 14.O-O Ng6 15.Bxd6 Qxd6
16.g3 Ne4 17.b4 Bc8 18.Ne5 Nxc3 19.Qxc3 Bh3 20.Rfe1 Nxe5 21.dxe5 Rxe5 22.e4 Qf6
23.Bh1 Rae8 24.Qxc7 dxe4 25.Rxe4 Rxe4 26.Bxe4 g6 27.Bg2 Rc8 28.Qb7 Rc2 29.Rf1 Bxg2
30.Kxg2 Rxa2 31.h4 h5 32.Qe4 b5 33.Qe3 Qc6+ 34.Kg1 Qf6 35.Rc1 Ra1 36.Rxa1 Qxa1+
37.Kg2 Kg7 38.Qd2 Qe5 39.Kh2 Kf6 40.Qd8+ Kg7 41.Qd2 Qe6 42.Qd4+ Qf6 43.Qc5 Qe6
44.Qd4+ Kg8 45.Qd8+ Kh7 46.Qf8 f6 47.Qc5 Kg7 48.Kg2 Kf7 49.Qa7+ Qe7 50.Qd4 Qb7+
51.Kg1 Qc6 52.Qe3 Qd6 53.Qc3 Qe5 54.Qa3 Ke7 55.Kg2 Qe4+ 56.Kh2 Qd4 57.Kg2 Qd6
58.Qc3 Kd7 59.Kg1 f5 60.f4 Ke6 61.Kf2 Kd5 62.Ke3 Qe6+ 63.Kd2 Qe4 64.Qc5+ Ke6
65.Qc8+ Kf7 66.Qd7+ Qe7 67.Qd4 Qb7 68.Qd6 Qg2+ 69.Kd1 Qe4 70.Kd2 Qe6 71.Qd4 Ke7
72.Kc3 Qc6+ 73.Kb2 Qf6 74.Qxf6+ Kxf6 75.Kc3 Ke6 76.Kb3  0-1

[Event "7th Americas Continental 2012"]
[Site "Mar del Plata ARG"]
[Date "2012.10.15"]
[Round "5.18"]
[White "Sabas,J"]
[Black "Molina,Rob"]
[Result "1/2-1/2"]
[WhiteElo "2274"]
[BlackElo "2400"]

1.d4 Nf6 2.c4 e6 3.Nf3 d5 4.Nc3 Be7 5.Bf4 O-O 6.e3 Nbd7 7.c5 c6 8.Bd3 b6
9.b4 a5 10.a3 Bb7 11.O-O Nh5 12.Qc2 Nxf4 13.exf4 g6 14.Rfb1 Qc7 15.g3 Rfb8
16.h4 Ba6 17.Ne5 Bxd3 18.Qxd3 Nxe5 19.fxe5 Ra7 20.Ra2 axb4 21.axb4  1/2-1/2

[Event "7th Americas Continental 2012"]
[Site "Mar del Plata ARG"]
[Date "2012.10.19"]
[Round "9.2"]
[White "Iturrizaga,E"]
[Black "Leitao,R"]
[Result "1-0"]
[WhiteElo "2639"]
[BlackElo "2617"]

1.d4 Nf6 2.Nf3 e6 3.c4 d5 4.Nc3 Be7 5.Bf4 O-O 6.e3 b6 7.Bd3 dxc4 8.Bxc4 Bb7
9.O-O c5 10.dxc5 Qxd1 11.Rfxd1 Bxc5 12.Nd4 Nc6 13.Ndb5 Ne7 14.Na4 Ned5 15.Nxc5 bxc5
16.Be5 Rfd8 17.Bf1 Ne8 18.Rdc1 f6 19.Bg3 a6 20.Na3 Rac8 21.Nc4 Ne7 22.Nb6 Rc6
23.Na4 Rdc8 24.Rc4 Nd5 25.Rac1 Nb6 26.Nxb6 Rxb6 27.b3 Rbc6 28.f3 e5 29.e4 Nd6
30.R4c2 Nb5 31.Bc4+ Kf8 32.Bd5 R6c7 33.Bxb7 Rxb7 34.Bf2 Kf7 35.Rxc5 Rxc5
36.Bxc5 Rd7 37.Bb4 Nd4 38.Kf2 Ne6 39.Rc6 Nf4 40.Ba5 Rd1 41.Rxa6 Rh1 42.Bd2  1-0

[Event "38th Guernsey Open"]
[Site "Guernsey GCI"]
[Date "2012.10.22"]
[Round "2"]
[White "Narciso Dublan,M"]
[Black "Wismayer,C"]
[Result "1-0"]
[WhiteElo "2535"]
[BlackElo "2099"]

1.d4 d5 2.c4 e6 3.Nf3 Nf6 4.Nc3 Be7 5.Bf4 Nbd7 6.e3 c6 7.h3 O-O 8.Qc2 dxc4
9.Bxc4 Nd5 10.Bh2 Nxc3 11.bxc3 Qa5 12.O-O h6 13.a4 Rd8 14.Ba2 Nf8 15.Ne5 Bd7
16.f4 Be8 17.f5 f6 18.fxe6 fxe5 19.Rxf8+ Kxf8 20.Qh7 Bf6 21.Rf1 Rd5 22.Rxf6+ gxf6
23.e7+  1-0

[Event "US Chess League 2012"]
[Site "ICC INT"]
[Date "2012.10.24"]
[Round "8"]
[White "Akobian,V"]
[Black "Schroer,J"]
[Result "1-0"]
[WhiteElo "2624"]
[BlackElo "2353"]

1.d4 Nf6 2.c4 e6 3.Nf3 d5 4.Nc3 Be7 5.Bf4 O-O 6.e3 Nbd7 7.c5 c6 8.h3 b6 9.b4 a5
10.a3 Ba6 11.Bxa6 Rxa6 12.O-O Qc8 13.Rb1 axb4 14.axb4 Qb7 15.Qc2 Rc8 16.Rfc1 b5
17.Ra1 Rca8 18.Qb2 Bd8 19.Nd2 Bc7 20.Rxa6 Rxa6 21.Bxc7 Qxc7 22.Ra1 Rxa1+
23.Qxa1 e5 24.Qa8+ Nb8 25.Nf3 exd4 26.Nxd4 Nd7 27.f4 g6 28.g4 Nf8 29.Nce2 Kg7
30.Kf2 h6 31.h4 g5 32.Nf5+ Kh7 33.Qa1 Ne6 34.Qf6 gxf4 35.Nxf4 d4 36.Qxh6+ Kg8
37.Nxd4  1-0